Вираження почуттів симпатії та антипатії засобами англійської фразеології (Запис № 283426)

МАРК-запис
000 -LEADER
fixed length control field 02449nam a22001577a 4500
041 ## - LANGUAGE CODE
Language code of text/sound track or separate title ukr
080 ## - UNIVERSAL DECIMAL CLASSIFICATION NUMBER
Universal Decimal Classification number 09
090 ## - LOCALLY ASSIGNED LC-TYPE CALL NUMBER (OCLC); LOCAL CALL NUMBER (OCLC)
Local cutter number (OCLC) ; Book number/undivided call number, CALL (RLIN) ГРИ
100 ## - MAIN ENTRY--PERSONAL NAME
Personal name Григорєва М. В.
245 ## - TITLE STATEMENT
Title Вираження почуттів симпатії та антипатії засобами англійської фразеології
260 ## - PUBLICATION, DISTRIBUTION, ETC. (IMPRINT)
Place of publication, distribution, etc Острог
Name of publisher, distributor, etc КАФ
Date of publication, distribution, etc 2006
300 ## - PHYSICAL DESCRIPTION
Extent 59
520 ## - SUMMARY, ETC.
Summary, etc Вступ.<br/>Розділ 1. Психо лінгвістичні особливості ідентифікації та інтерпритації фразеологізмів.<br/>1.1. Фразеологізми як мовні засоби емоційно-експресивної функції мови.<br/>1.2. Проблеми мовної інтерпритації.<br/>1.3. характеристика моделювання процесів прочитання фразеологізмів.<br/>1.4. Композиційнтй процес прочитання фразеологічної одиниці.<br/>1.5. Ідентифікація фразеологізмів на основі мовних асоціацій.<br/>1.6. Психолінгвістичне мотивування емоційної ідентифікації.<br/>Розділ 2. Семантичні відмінності фразеологізмів, що виражають почуття симпатії та антипатії.<br/>2.1. Опис відтінків значення фразеологізмів, що виражають почуття симпатії та захоплення.<br/>2.1.1. Опис семантичних відмінностей фразеологізмів, що виражають почуття любові і кохання.<br/>2.1.2. Опис семантичних особливостей фразеологізмів, що називають або характеризують обєкт симпатфї та любові.<br/>2.2. Опис відтінків значення фразеологізмів, що називають або характеризують обєкт зневаги, неприязні та негативної оцінки.<br/>2.2.1. Опис семантичних особливостей фразеологізмів на позначення почуття зневаги, неприязні та негативної оцінки.<br/>Висновки.
-- фразеологія
650 ## - SUBJECT ADDED ENTRY--TOPICAL TERM
Topical term or geographic name as entry element Research Papers
942 ## - ADDED ENTRY ELEMENTS (KOHA)
Koha item type Книги
Фонди
Withdrawn status Lost status Source of classification or shelving scheme Damaged status Not for loan Home library Current library Date acquired Source of acquisition Coded location qualifier Cost, normal purchase price Total Checkouts Full call number Barcode Date last seen Price effective from Koha item type
    Universal Decimal Classification     ВІЛ - Відділ іноземн. літератури НБ ВІЛ - Відділ іноземн. літератури НБ 29/01/2019 Ретроспекція В13 1.00   09 212228 20/12/2021 29/01/2019 Книги